1991 1456 1257 1385 1554 1759 1135 1256 1560 1274 1554 1755 1541 1268 1120 1482 1566 1261 1134 1630 1624 1739 1496 1180 1906 1077 1326 1880 1954 1720 1555 1184 1138 1943 1092 1963 1962 1476 1696 1514 1111 1061 1424 1304 1089 1452 1225 1765 1082 1638 1280 1891 1301 1700 1023 1598 1806 1572 1601 1608 1901 1334 1697 1490 1805 1954 1728 1326 1211 1025 1240 1369 1283 1276 1819 1574 1944 1846 1005 1419 1463 1896 1217 1220 1248 1663 1871 1535 1974 1038 1695 1512 1520 1279 1693 1336 1072 1348 1455 BCNSPRNW ULIB Ver.6.0+V

เปลี่ยนเป็นภาษาไทย

Change to English
 แสดงรายละเอียดบรรณานุกรม
  กลับหน้าหลัก

Brief Record : Get Marc (ISO 2709) : E-mail record : QR code < ปิดหน้าต่าง
LEADER : 00000nam 2200000uu 4500
001    13399110514
003     ULIB
008    110602s2543||||th 000 0 tha d
020    9743336613
060 04 WP630^bส793ก 2543
245 00 การวางแผนครอบครัวและเทคโนโลยีการคุมกำเนิด /^cโดย สุรศักดิ์ ฐานีพานิชสกุล ... [และคนอื่นๆ]
250    พิมพ์ครั้งที่ 1
260    กรุงเทพฯ :^bภาควิชาสูติศาสตร์-นรีเวชวิทยา คณะแพทยศาสตร์จุฬาลงกรณ์มหาวิทยาลัย,^c2543
300    (8), 390 หน้า :^bภาพประกอบ ;^c26 ซม.
504    บรรณานุกรมและดรรชนี
650  2 Contraception
650  2 Family Planning Services
650  7 การวางแผนครอบครัว
650  7 คุมกำเนิด
700 0  สุรศักดิ์ ฐานีพานิชสกุล
710 2  จุฬาลงกรณ์มหาวิทยาลัย. ^bภาควิชาสูติศาสตร์-นรีเวชวิทยา
945    ^p300^l0^i018861
945    ^p300^l0^i012975
945    ^p300^l0^i012973
945    ^p300^l0^i012972
945    ^p300^l0^i012761
945    ^p300^l0^i012974
995    ทศพร
999 ^a ใช้งานได้ทุกระบบ
รายการนี้ยังไม่มีแท็ก
คุณยังไม่ได้ล็อกอิน คุณสามารถมีกิจกรรมร่วมกับเว็บไซต์ได้ แต่ต้องล็อกอินก่อน ::
  ล็อกอิน

รายการสื่อสารสนเทศ

ลำดับที่ ประเภท เลขเรียก/บาร์โค้ด สถานที่ สถานะ
- ไม่พบข้อมูล -

รายการใกล้เคียง
    หัวเรื่อง [Contraception]
    หัวเรื่อง [Family Planning Services]
    หัวเรื่อง [การวางแผนครอบครัว]
    หัวเรื่อง [คุมกำเนิด]

BibComment


ยังไม่เคยถูกคอมเมนท์

คอมเมนท์ทรัพยากรรายการนี้
  คอมเมนท์: การวางแผนครอบครัว..


 Copyright 2026. Bcnsprnw @Library